| 000 | 00528nam a2200169 i 4500 | ||
|---|---|---|---|
| 001 | 73573 | ||
| 003 | ES-MaACL | ||
| 005 | 20230906171845.0 | ||
| 007 | t| | ||
| 008 | 040908s1969 sp ||||1| spa d | ||
| 100 | 1 |
_aGómez Lucía, César. _958022 |
|
| 245 | 1 | 0 |
_aEn esperanza / _cCésar Gómez Lucía ; ilustaciones, Leoncio Martínez Cameno. |
| 260 |
_aMadrid : _bApostolado de la Prensa, _c1969. |
||
| 300 |
_a87 p. : _bil. ; _c19 cm. |
||
| 700 | 1 |
_aMartínez Cameno, Leoncio. _977920 |
|
| 852 |
_aES-MaACL _jC-51704 _bR.72524 |
||
| 999 |
_c73573 _d73573 |
||